Využitie personálneho manažmentu na zvýšenie statusu spoločnosti DECODOM, s. r. o.

Gespeichert in:
Bibliographische Detailangaben
1. Verfasser: Šurinová, Martina, 1987- (Verfasst von)
Weitere Verfasser: Merica, Marián (Betreuung Doktorarbeit)
Format: Manuskript Buch
Sprache:Slowakisch
Veröffentlicht: Trnava : STU v Bratislave MTF, 2010
Schlagworte:
Online-Zugang:VAIS
Tags: Tag hinzufügen
Keine Tags, Fügen Sie das erste Tag hinzu!

MARC

LEADER 00000ntm a22000003a 4500
001 stu217899
005 20150617230113.1
008 101130s2010----xo------------------slo-d
040 |a STU  |b slo 
041 0 |a slo 
044 |a xo 
100 1 |a Šurinová, Martina,  |d 1987-  |4 aut  |u M  |T MTF Materiálovotechnologická fakulta  |X 37358  |U M  |Y 60  |7 A000037358 
242 0 0 |a Using of Personnel Management to improve the status of DECODOM, s.r.o .  |y eng 
245 1 |a Využitie personálneho manažmentu na zvýšenie statusu spoločnosti DECODOM, s. r. o. 
260 |a Trnava :  |b STU v Bratislave MTF,  |c 2010 
650 7 |a personálna práca v priemyselnom podniku  |2 stusub 
650 7 |a Personnel Work in a Business Enterprise  |2 estusub 
700 1 |a Merica, Marián  |4 ths  |u M340  |U MTF Ústav inžinierskej pedagogiky a humatitných vied  |T MTF Katedra telesnej výchovy a športu  |U M340  |Y M340 
856 4 |a info a plný text  |u http://is.stuba.sk/zp/portal_zp.pl?podrobnosti=70911  |3 VAIS